Klasifikácia a predikcia vlastností chemických látok pomocou neurónových sietí
Gespeichert in:
| 1. Verfasser: | |
|---|---|
| Weitere Verfasser: | |
| Format: | Manuskript Buch |
| Sprache: | Slowakisch |
| Schlagworte: | |
| Online-Zugang: | http://is.stuba.sk/zp/portal_zp.pl?podrobnosti=83794 |
| Tags: |
Keine Tags, Fügen Sie das erste Tag hinzu!
|
MARC
| LEADER | 00000ntm a22000003a 4500 | ||
|---|---|---|---|
| 001 | stuzp40009 | ||
| 003 | SK-STU | ||
| 005 | 20160229160055.4 | ||
| 007 | ta | ||
| 008 | 150427s2015----xo-----f-mn---000-0-slo-d | ||
| 040 | |a STU |b slo | ||
| 041 | 0 | |a slo | |
| 100 | 1 | |a Krippel, Martin |u 047000 |4 aut |U FCHPT Fakulta chemickej a potravinárskej technológie |T FCHPT Ústav informatizácie, automatizácie a matematiky |X 44230 |U C7000 |Y 105 |7 44230 | |
| 242 | 0 | 1 | |a The Classification and Prediction of Properties of Chemical Substances Using Neural Networks |y eng |
| 245 | 1 | 0 | |a Klasifikácia a predikcia vlastností chemických látok pomocou neurónových sietí |
| 650 | 4 | |a neurónová sieť |2 slo | |
| 650 | 4 | |a trénovací algoritmus |2 slo | |
| 650 | 4 | |a predikcia |2 slo | |
| 650 | 4 | |a Backpropagation algoritmus |2 slo | |
| 650 | 4 | |a genetický algoritmus |2 slo | |
| 650 | 4 | |a neural network |2 eng | |
| 650 | 4 | |a learning algorithm |2 eng | |
| 650 | 4 | |a prediction |2 eng | |
| 650 | 4 | |a Backpropagation algorithm |2 eng | |
| 650 | 4 | |a genetic algorithm |2 eng | |
| 700 | 1 | |a Boor, Štefan, |d 1956- |4 ths |X 3887 |7 A000003887 | |
| 856 | 4 | |u http://is.stuba.sk/zp/portal_zp.pl?podrobnosti=83794 | |
| SQL | |a stuzp40009 |b DBP |c SLO |d Klasifikácia a predikcia vlastností chemických látok pomocou neurónových sietí |e 44230 |f Krippel, Martin |g 047000 |h 3887 |i Boor, Štefan |j 20140715 |k 104 |l 04 |m http://is.stuba.sk/zp/portal_zp.pl?podrobnosti=83794 | ||